| 000 | 00532nam a2200193Ia 4500 | ||
|---|---|---|---|
| 003 | GCL | ||
| 008 | 140319s9999 xx 000 0 eng d | ||
| 020 | _a0775230013 | ||
| 040 |
_aGCL / _cGCL |
||
| 082 | 0 | 4 |
_aREF _b034 _bH L |
| 100 | 1 | _aHUGHES, JAMES | |
| 245 | 1 | 0 |
_aLAROUSSE : _bDESK REFERNCE ENCYCLOPEDIA / _cHUGHES, JAMES |
| 260 |
_aانجلترا : _bLAROUSSE ، _c1995 |
||
| 300 |
_a800 P _bILL. ؛ _c27 cm. |
||
| 650 | 0 | 4 | _aREFERENCE BOOKS |
| 650 | 0 | 4 | _aENCYCLOPEDIAS |
| 650 | 0 | 4 | _aENCYCLOPEDIAS - ENGLISH |
| 942 |
_2ddc _cREF |
||
| 999 |
_c9607 _d9607 |
||